000 00306nam a2200121Ia 4500
008 190216s9999||||xx |||||||||||||| ||und||
100 _aPrakash G Apte
245 0 _aInternational Financial Management
260 _bPrentice Hall Of India Pvt Ltd
_c2002
300 _a636p
650 _aCommerce
942 _cBK
999 _c6185
_d6185